Utility wayleaves: a compensation lottery? (Record no. 70051)
[ view plain ]
| 000 -LEADER | |
|---|---|
| fixed length control field | 01823cam a2200265 4500 |
| 001 - CONTROL NUMBER | |
| control field | ABS65351 |
| 008 - FIXED-LENGTH DATA ELEMENTS--GENERAL INFORMATION | |
| fixed length control field | 020423n2002 000 0 eng u |
| 035 ## - SYSTEM CONTROL NUMBER | |
| System control number | (Sirsi) u117648 |
| 100 ## - MAIN ENTRY--PERSONAL NAME | |
| Personal name | Hutchinson, N |
| 245 ## - TITLE STATEMENT | |
| Title | Utility wayleaves: a compensation lottery? |
| 260 ## - PUBLICATION, DISTRIBUTION, ETC. | |
| Date of publication, distribution, etc. | 2002 |
| 490 ## - SERIES STATEMENT | |
| Series statement | Journal of Property Investment and Finance |
| Volume/sequential designation | 20(2) 2002, 159-180(20) |
| 520 ## - SUMMARY, ETC. | |
| Summary, etc. | In the UK over the last 20 years there has been a proliferation in the statutory provisions for wayleaves. The utilities requiring wayleaves such as the water, gas and electricity companies have now been joined by cable TV and a host of telecommunications providers. All have access to compulsory powers. However, there are variations between these powers and between the compensation arrangements. The main objective of this article is to examine whether the compensation arrangements are now appropriate, following the privatisation of the gas, electricity, water and telecommunication companies. The article considers the results of a six-month study of wayleaves funded by RICS, which was completed in 2000, and recommends that, in order to strike a fair balance between the interests of the utilities and the landowners, legislative change is required. Claimants should not be merely entitled to the financial equivalent of their loss, but instead a consideration should be paid reflecting, in effect, a rental for the wayleave. References [TAKEN FROM JOURNAL HEADNOTE] |
| 590 ## - LOCAL NOTE (RLIN) | |
| Local note | ABS |
| 650 ## - SUBJECT ADDED ENTRY--TOPICAL TERM | |
| Topical term or geographic name entry element | COMPENSATION |
| 650 ## - SUBJECT ADDED ENTRY--TOPICAL TERM | |
| Topical term or geographic name entry element | Utilities |
| 9 (RLIN) | 6272 |
| 650 ## - SUBJECT ADDED ENTRY--TOPICAL TERM | |
| Topical term or geographic name entry element | WAYLEAVES |
| 650 ## - SUBJECT ADDED ENTRY--TOPICAL TERM | |
| Topical term or geographic name entry element | ELECTRICITY |
| 650 ## - SUBJECT ADDED ENTRY--TOPICAL TERM | |
| Topical term or geographic name entry element | GAS |
| 650 ## - SUBJECT ADDED ENTRY--TOPICAL TERM | |
| Topical term or geographic name entry element | LANDOWNERS |
| 650 ## - SUBJECT ADDED ENTRY--TOPICAL TERM | |
| Topical term or geographic name entry element | TELECOMMUNICATIONS |
| 650 ## - SUBJECT ADDED ENTRY--TOPICAL TERM | |
| Topical term or geographic name entry element | WATER |
| 690 ## - LOCAL SUBJECT ADDED ENTRY--TOPICAL TERM (OCLC, RLIN) | |
| Topical term or geographic name as entry element | ENVIRONMENTAL AND LAND CONSULTANCY-PLANNING AND DEVELOPMENT-COMPULSORY PURCHASE AND COMPENSATION |
| 942 ## - ADDED ENTRY ELEMENTS (KOHA) | |
| Suppress in OPAC | 0 |
| Withdrawn status | Lost status | Source of classification or shelving scheme | Damaged status | Not for loan | Home library | Current library | Shelving location | Date acquired | Total Checkouts | Full call number | Barcode | Date last seen | Copy number | Price effective from | Koha item type |
|---|---|---|---|---|---|---|---|---|---|---|---|---|---|---|---|
| Dewey Decimal Classification | London | London | Journal article | 23/04/2002 | ABS65351 | 117648-1001 | 06/08/2019 | 1 | 06/08/2019 | Journal article |